000 00432nam a2200169Ia 4500
005 20260429111947.0
008 260429s9999||||xx |||||||||||||| ||und||
020 _a9788184111477
041 _aEnglish
082 _a572
_bNIH
100 _aNihaluddin
245 0 _aTextbook of biochemistry /
_cNihaluddin
260 _aNew Delhi :
_bSonali Publications,
_c2025.
300 _a299 p.; hb
650 _aBiochemistry
942 _cTB
999 _c51637
_d51637